| 000 | 01355cad a22002295a 4500 | ||
|---|---|---|---|
| 001 | L159467 | ||
| 005 | 20251027143304.0 | ||
| 008 | 070517e20110508xxk f 000 0 eng d | ||
| 035 | _a(Sirsi) u159467 | ||
| 041 | 0 | _aeng | |
| 110 | 2 |
_aRoyal Institution of Chartered Surveyors _94900 |
|
| 245 | 0 | 0 |
_aClients' money _bGeneral advice for firms _h[archived] |
| 260 |
_aLondon _bRICS _c2011 |
||
| 490 | 0 | _aRICS Rules of Conduct | |
| 500 | _aSuperseded by client money handling, 1st edition, 2019 | ||
| 520 | _aEffective from 04 April 2011, Version 2. Designed to assist regulated firms who hold clients' money or who have recently started to hold clients' money with key aspects of best practice. Firms will adopt different ways, based on their particular circumstances, of managing clients' money effectively in order to deliver an appropriate level of confidence to RICS, firms' clients, potential clients and stakeholders. If firms decide to deviate from the standards set out in this help sheet, RICS may require the firm to demonstrate that their standard is equivalent to best practice. Where firms operate differing methods, RICS invites those firms to submit these methods to be included in the next update. | ||
| 650 | 2 | 4 | _aRICS MEMBERSHIP |
| 650 | 2 | 4 | _aRICS RULES OF CONDUCT |
| 651 | 4 | _aInternational | |
| 690 | _aETHICS | ||
| 942 |
_n0 _2ddc |
||
| 999 |
_c115927 _d115927 |
||